|
|
|
|
| LEADER |
00000nam0a2200000 4500 |
| 001 |
202335 |
| 005 |
20231101225102.0 |
| 010 |
|
|
|a 9785394017292
|
| 035 |
|
|
|a (RuTPU)RU\TPU\book\220492
|
| 090 |
|
|
|a 202335
|
| 100 |
|
|
|a 20111010d2012 km y0rusy50 ca
|
| 101 |
0 |
|
|a rus
|
| 102 |
|
|
|a RU
|
| 105 |
|
|
|a y z 001zy
|
| 200 |
1 |
|
|a Офис-менеджер
|e практическое пособие
|f И. В. Волгина
|
| 205 |
|
|
|a 2-е изд.
|
| 210 |
|
|
|a Москва
|c Дашков и К
|d 2012
|
| 215 |
|
|
|a 452 с.
|
| 320 |
|
|
|a Библиогр.: с. 451-452.
|
| 330 |
|
|
|a В книге приведены подробные практические рекомендации по исполнению конкретных бизнес-процессов и функций, обычно относящихся к компетенции офис-менеджера в западных компаниях или руководителя административного отдела в российских компаниях. Книга подготовлена на основе инструктивных материалов зарубежных компаний и многолетнего опыта работы автора в западных фирмах. Книга является образовательным и справочным ресурсом для руководителей соответствующих подразделений.
|
| 606 |
1 |
|
|a Офис-менеджеры
|2 stltpush
|3 (RuTPU)RU\TPU\subj\71292
|9 85254
|
| 610 |
1 |
|
|a управленческая деятельность
|
| 610 |
1 |
|
|a управленцы
|
| 610 |
1 |
|
|a обязанности
|
| 610 |
1 |
|
|a права
|
| 610 |
1 |
|
|a требования
|
| 610 |
1 |
|
|a зарубежная практика
|
| 610 |
1 |
|
|a персонал
|
| 610 |
1 |
|
|a персонал-технологии
|
| 610 |
1 |
|
|a аттестация
|
| 610 |
1 |
|
|a мотивация
|
| 610 |
1 |
|
|a охрана труда
|
| 610 |
1 |
|
|a компьютерные технологии
|
| 610 |
1 |
|
|a администрирование
|
| 610 |
1 |
|
|a эргономика
|
| 610 |
1 |
|
|a рабочие места
|
| 610 |
1 |
|
|a аутсорсинг
|
| 610 |
1 |
|
|a клининговые компании
|
| 610 |
1 |
|
|a техническая эксплуатация
|
| 610 |
1 |
|
|a связь
|
| 610 |
1 |
|
|a питание
|
| 610 |
1 |
|
|a бронирование
|
| 610 |
1 |
|
|a билеты
|
| 610 |
1 |
|
|a визы
|
| 610 |
1 |
|
|a корпоративные мероприятия
|
| 610 |
1 |
|
|a тренинги
|
| 610 |
1 |
|
|a отдых
|
| 610 |
1 |
|
|a конференции
|
| 610 |
1 |
|
|a офисное оборудование
|
| 610 |
1 |
|
|a переговоры
|
| 610 |
1 |
|
|a поставщики
|
| 610 |
1 |
|
|a договоры
|
| 610 |
1 |
|
|a претензии
|
| 610 |
1 |
|
|a офисные помещения
|
| 610 |
1 |
|
|a аренда
|
| 610 |
1 |
|
|a планировка
|
| 610 |
1 |
|
|a логистика
|
| 610 |
1 |
|
|a бухгалтерский учет
|
| 610 |
1 |
|
|a контроль
|
| 610 |
1 |
|
|a автотранспорт
|
| 610 |
1 |
|
|a страхование
|
| 610 |
1 |
|
|a нормативные документы
|
| 610 |
1 |
|
|a практические пособия
|
| 675 |
|
|
|a 651.012.4
|v 3
|
| 700 |
|
1 |
|a Волгина
|b И. В.
|g Ирина Владиславовна
|
| 801 |
|
1 |
|a RU
|b 63413507
|c 20111010
|
| 801 |
|
2 |
|a RU
|b 63413507
|c 20230403
|g RCR
|
| 900 |
|
|
|a Офис-менеджмент
|
| 942 |
|
|
|c BK
|
| 959 |
|
|
|a 89/20111010
|d 2
|e 264,00
|f ЧЗГЛ:1
|f АНЛ:1
|